000
00342nam a2200145Ia 4500
008
230718s9999 xx 000 0 und d
041
_a
Eng.
082
_a
380.1
_b
BIR-E
100
_a
Brien Gerry
245
0
_a
Exquing to the fuhler of cllxad
260
_a
Pakistan
_b
Oxford in Press
_c
1998
300
_a
173
650
_a
Law
999
_c
26078
_d
26078